Efektívne využitie intranetu v podmienkach organizácie : Diplomová práca

Saved in:
Bibliographic Details
Main Author: Kuzmová, Marcela (Author)
Other Authors: Ončáková, Eva (xxx)
Format: Manuscript Book
Language:Slovak
Published: Trnava : STU v Bratislave MtF KPIM, 2006
Subjects:
Tags: Add Tag
No Tags, Be the first to tag this record!

MARC

LEADER 00000ntm a22000003a 4500
001 stu121985
005 20160719155437.3
008 060627s2006----xo------------------slo-d
040 |a STU  |b slo 
041 0 |a slo 
044 |a xo 
100 1 |a Kuzmová, Marcela  |4 aut 
245 1 |a Efektívne využitie intranetu v podmienkach organizácie :  |b Diplomová práca 
260 |a Trnava :  |b STU v Bratislave MtF KPIM,  |c 2006 
300 |a 84 s  |c príl., 1 CD 
650 7 |a priemyselné inžinierstvo a manažment  |2 stusub 
650 7 |a intranet  |2 estusub 
700 1 |a Ončáková, Eva  |4 xxx 
996 |b 284M073607  |c M*DP-6149  |l MMSKP  |s P  |a 0  |w stu121985_0001